| 000 | 00423nam a22001577a 4500 | ||
|---|---|---|---|
| 008 | 230627b |||||||| |||| 00| 0 eng d | ||
| 040 |
_aNational Science Library _cNational Science Library |
||
| 080 |
_a316.752 _bP2 |
||
| 100 | _aKhera, Shiv | ||
| 245 | _aजीत आपकी | ||
| 246 | _aJeet aapki | ||
| 260 |
_aNew Delhi: _bFull Circle, _c2000 |
||
| 300 | _a347p. | ||
| 650 | _aLiterature | ||
| 942 |
_2udc _cHBK |
||
| 999 |
_c47901 _d47901 |
||